Understanding database management systems /

Αποθηκεύτηκε σε:
Λεπτομέρειες βιβλιογραφικής εγγραφής
Κύριος συγγραφέας: Mattison, Rob.
Μορφή: Βιβλίο
Γλώσσα:English
Έκδοση: New York : McGraw-Hill, 1998.
Έκδοση:2nd ed.
Θέματα:
Ετικέτες: Προσθήκη ετικέτας
Δεν υπάρχουν, Καταχωρήστε ετικέτα πρώτοι!
Thư viện lưu trữ: Mạng thư viện Đại học Đà Nẵng
LEADER 00826cam a2200337 i 4500
001 000045682
003 4877
005 20030228162112.0
008 010220|1998 vm 000 eng
020 |a 0070499993 
040 |a IRC  |c IRC  |d IRC 
041 0 |a eng 
082 1 4 |a 005.74  |b MA-R 
100 1 |a Mattison, Rob. 
245 0 0 |a Understanding database management systems /  |c Rob Mattison. 
250 |a 2nd ed. 
260 |a New York :  |b McGraw-Hill,  |c 1998. 
300 |a xxxi, 666p. :  |b ill. 
630 0 4 |a Computer. 
630 0 4 |a Database. 
650 0 4 |a Database management. 
OWN |a DUT 
999 |a From the UDN01 
TYP |a Monograph 
TYP |a Printed language 
980 |a Mạng thư viện Đại học Đà Nẵng